| 000 | 01080nam a2200337 i 4500 | ||
|---|---|---|---|
| 001 | 16580646 | ||
| 003 | EG-ScBUE | ||
| 005 | 20230312120455.0 | ||
| 008 | 210921s2022 vraa f b 000 0 eng d | ||
| 020 | _a9781864709155 | ||
| 035 | _a(NhCcYBP)om2977713999 | ||
| 040 |
_aNhCcYBP _beng _erda _cNhCcYBP _dEG-ScBUE |
||
| 082 | 0 | 4 |
_222 _a724.6 _bFRI |
| 100 | 1 |
_aFriedman, Avi, _d1952- _eauthor. |
|
| 245 | 1 | 0 |
_aFuture homes : _bsustainable innovative designs / _cAvi Friedman, Charles Gregoire. |
| 264 | 1 |
_a[Mulgrave, VIC ] : _bImages Publishing Group, _c2022. |
|
| 300 |
_a255 pages : _bcolor illustrations ; _c24 cm |
||
| 336 |
_atext _btxt _2rdacontent |
||
| 337 |
_aunmediated _bn _2rdamedia |
||
| 338 |
_avolume _bnc _2rdacarrier |
||
| 500 | _aIncludes appendix. | ||
| 504 | _aIncludes bibliographical references. | ||
| 650 | 7 |
_aSustainable architecture. _2BUEsh |
|
| 653 |
_bENGARC _cMarch2023 |
||
| 655 | _vReading book | ||
| 700 | 1 |
_aGregoire, Charles, _eauthor. |
|
| 942 |
_2ddc _cBB |
||
| 960 | _a39002139621529 | ||
| 987 | _cON ORDER | ||
| 999 |
_c30243 _d30214 |
||